Contabilidad interna de la industria / (Record no. 78177)

MARC details
000 -LEADER
campo de control de longitud fija 00724nam a2200217 i 4500
001 - NÚMERO DE CONTROL
campo de control 78177
003 - IDENTIFICADOR DE NÚMERO DE CONTROL
campo de control ES-MaACL
005 - FECHA Y HORA DE LA ÚLTIMA TRANSACCIÓN
campo de control 20250814230837.0
007 - CAMPO FIJO DE DESCRIPCIÓN FÍSICA--INFORMACIÓN GENERAL
campo de control de longitud fija t|
008 - DATOS DE LONGITUD FIJA--INFORMACIÓN GENERAL
campo de control de longitud fija 041011s1957 sp ||||1| spa d
100 1# - ENTRADA PRINCIPAL--NOMBRE DE PERSONA
Nombre de persona Hansen, Palle.
9 (RLIN) 61769
245 10 - MENCIÓN DEL TÍTULO
Título Contabilidad interna de la industria /
Mención de responsabilidad, etc. Palle Hansen ; traducción del danés y notas por Arne Koefoed y Armando Suárez Franck.
260 ## - PUBLICACIÓN, DISTRIBUCIÓN, ETC.
Lugar de publicación, distribución, etc. Madrid :
Nombre del editor, distribuidor, etc. Aguilar,
Fecha de publicación, distribución, etc. 1957 (
Fabricante Blass)
300 ## - DESCRIPCIÓN FÍSICA
Extensión XVI, 311 p., 1 lám. ;
Dimensiones 22 cm.
490 1# - MENCIÓN DE SERIE
Mención de serie Ciencias sociales
700 1# - ENTRADA AGREGADA--NOMBRE PERSONAL
Nombre de persona Suárez Franck, Armando.
9 (RLIN) 108620
700 1# - ENTRADA AGREGADA--NOMBRE PERSONAL
Nombre de persona Koefoed, Arne.
9 (RLIN) 68430
830 00 - PUNTO DE ACCESO ADICIONAL DE SERIE-TÍTULO UNIFORME
Título uniforme Ciencias sociales
9 (RLIN) 177859
852 ## - LOCALIZACIÓN
Ubicación ES-MaACL
Número de control de estantería C-12172
Sublocalización o colección R.40309
Holdings
Estatus retirado Estado de pérdida Estado de daño No para préstamo Biblioteca de origen Biblioteca actual Ubicación en estantería Fecha de adquisición Fuente de adquisición Total de préstamos Signatura topográfica completa Código de barras Visto por última vez Precio de reemplazo Tipo de ítem Koha
        Biblioteca del Ateneo de Madrid Biblioteca del Ateneo de Madrid Sala Palomar 17/01/2008     C-12172 1081780 23/02/2023 23/02/2023 Libro impreso